000 004610000a22001810004500
003 MACL
005 20150911145305.0
008 150911b xxu||||| |||| 00| 0 eng d
040 _aMACL
_cMACL
041 _aEnglish
082 _a823
100 _aHyder, Qurratulain
_98606
245 _aFireflies in the Mist
_bA Novel
260 _bSterling Publishes Private Limited
_c1994
_aNew Delhi
350 _a300
650 _aFiction
_910170
942 _cBK
_k823
_2ddc
999 _c20977
_d20977